O češtině v číslech

Bibliographic Details
Main Author: Těšitelová, Marie (Author)
Format: Book
Language:Undetermined
PhysicalDescription:205 s.
Published: Praha Academia 1987

MARC

LEADER 00000nam a2200000 a 4500
001 vtls001349333
003 SK-MaSNL
005 20260301010311.0
008 240318s1987 xx 0 und
035 |a SNK000302636 
040 |a SNK  |b slo  |c SNK  |e AACR2 
100 1 |a Těšitelová, Marie  |4 aut  |9 291899 
245 1 0 |a O češtině v číslech 
260 |a Praha  |b Academia  |c 1987 
300 |a 205 s. 
958 |a OND 
999 |c 547710  |d 549640 
952 |t P60, <04>, [BOOK], {604}  |a SNK  |b SNK  |y VYP  |7 0  |p 17A0170199  |o snkID 86243 D1  |0 0  |1 1  |4 0  |d 1998-11-23  |l 0  |r 2005-01-02 00:00:00  |w 2026-02-23